| 000 | 00365nam a2200121 4500 | ||
|---|---|---|---|
| 999 |
_c14010 _d14010 |
||
| 008 | 190729b ||||| |||| 00| 0 eng d | ||
| 100 |
_938985 _aLumawag, Reuel John F. |
||
| 245 |
_aBringing help closer to farmers/ _cReuel John F. Lumawag |
||
| 260 |
_aDavao City: _bSun Star Davao; _cc2019. |
||
| 300 | _apage 13. | ||
| 650 | 0 |
_938986 _aAgriculture. |
|
| 942 |
_2ddc _cPER |
||